000
00277nam a2200109Ia 4500
008
231212s1979 xx 000 0 und d
041
_a
eng
082
_a
620
100
_a
Feckrich Burche
245
_a
Promblems In Practical Physics
260
_a
Singapoure
_b
Mir Publisher
_c
1979
999
_c
957203
_d
957203